| 000 | 00483nam a2200193 i 4500 | ||
|---|---|---|---|
| 001 | 41481 | ||
| 003 | ES-MaACL | ||
| 005 | 20230906160434.0 | ||
| 007 | t| | ||
| 008 | 030311s1965 sp ||||1| rum d | ||
| 100 | 1 |
_aCaranica, Nicu. _934962 |
|
| 245 | 1 | 0 |
_aPovestea foamei / _cNicu Caranica. |
| 260 |
_a[Madrid : _bs.n., _c1965] |
||
| 300 |
_a58 p. ; _c22 cm. |
||
| 490 | 1 | _aDestin | |
| 830 | 0 |
_aDestin _9182668 |
|
| 852 |
_aES-MaACL _jC-27357 _bR.56114 |
||
| 999 |
_c41481 _d41481 |
||